[Event "SR 1. liga zapad 2012/2013"]
[Site "?"]
[Date "2013.03.23"]
[Round "10.3"]
[White "Dolnak, Michal"]
[Black "Antol, Ladislav"]
[Result "1-0"]
[WhiteElo "2115"]
[BlackElo "2077"]
[PlyCount "71"]
[EventDate "2012.??.??"]

1. d4 Nf6 2. c4 e5 3. dxe5 Ng4 4. Nf3 Bc5 5. e3 Nc6 6. a3 a5 7. b3 Ngxe5 8.
Nxe5 Nxe5 9. Bb2 Qe7 10. Nc3 c6 11. Ne4 Nxc4 12. Nxc5 Nxb2 13. Qd4 O-O 14. Ne4
a4 15. Nd2 Qf6 16. Qxf6 gxf6 17. Rb1 axb3 18. Rxb2 Rxa3 19. Rxb3 Ra1+ 20. Rb1
Rxb1+ 21. Nxb1 d5 22. Bd3 b5 23. Nd2 Bd7 24. Nb3 Ra8 25. Kd2 Ra2+ 26. Bc2 b4
27. Kc1 Ra7 28. Kb2 Kf8 29. Rd1 f5 30. Rd4 Rb7 31. Nc5 Rc7 32. Rxb4 Ke7 33. Rb7
Kd6 34. Rxc7 Kxc7 35. Nxd7 Kxd7 36. Bxf5+ 1-0

[Event "SR 1. liga zapad 2012/2013"]
[Site "?"]
[Date "2013.03.23"]
[Round "10.3"]
[White "Hacik, Radomir"]
[Black "Bednar, Jan"]
[Result "1/2-1/2"]
[WhiteElo "2185"]
[BlackElo "2143"]
[PlyCount "48"]
[EventDate "2012.??.??"]

1. c4 e5 2. Nc3 Nf6 3. g3 d5 4. cxd5 Nxd5 5. Bg2 Nb6 6. Nf3 Nc6 7. O-O Be7 8.
d3 O-O 9. Be3 Be6 10. Qc1 f6 11. Ne4 Nd5 12. Bc5 Rb8 13. Rd1 h6 14. Nh4 Re8 15.
e3 f5 16. Bxe7 Qxe7 17. Nc5 Red8 18. Nxe6 Qxe6 19. Qc4 Nce7 20. e4 fxe4 21.
dxe4 Nf4 22. Qxc7 Rdc8 23. Qa5 Nc6 24. Qa3 Ne2+ 1/2-1/2

[Event "SR 1. liga zapad 2012/2013"]
[Site "?"]
[Date "2013.03.23"]
[Round "10.3"]
[White "Machalova, Erika"]
[Black "Kovac, Andrej"]
[Result "1-0"]
[WhiteElo "2073"]
[BlackElo "2148"]
[PlyCount "91"]
[EventDate "2012.??.??"]

1. d4 Nf6 2. c4 c5 3. d5 b5 4. cxb5 a6 5. b6 g6 6. Nc3 d6 7. a4 a5 8. e4 Qxb6
9. Bb5+ Bd7 10. Bxd7+ Nfxd7 11. Nf3 Bg7 12. Ra3 Na6 13. O-O O-O 14. Kh1 Nb4 15.
Nd2 Qb7 16. Nc4 Nb6 17. Nxb6 Qxb6 18. Nb5 f5 19. f3 Rf7 20. Re1 Qb7 21. Qe2
fxe4 22. fxe4 Raf8 23. Rf3 Rxf3 24. gxf3 Qc8 25. Rf1 Qh3 26. b3 Be5 27. Qg2 Qh5
28. f4 Bg7 29. Bd2 Bh6 30. Nc7 Rf7 31. Ne6 Nc2 32. Rf3 Qh4 33. Bxa5 Qf6 34. Bc3
Nd4 35. Qf2 Bg7 36. b4 h6 37. b5 g5 38. f5 g4 39. b6 Qe5 40. Qg2 h5 41. b7 Bh6
42. b8=Q+ Kh7 43. Qe8 Qf6 44. Bxd4 cxd4 45. Nxd4 Rf8 46. Qg6+ 1-0

[Event "SR 1. liga zapad 2012/2013"]
[Site "?"]
[Date "2013.03.23"]
[Round "10.3"]
[White "Machalova, Maria"]
[Black "Turna, Stefan"]
[Result "0-1"]
[WhiteElo "2105"]
[BlackElo "2208"]
[PlyCount "88"]
[EventDate "2012.??.??"]

1. c4 Nf6 2. Nc3 g6 3. e4 d6 4. d4 Bg7 5. f3 O-O 6. Bg5 Nbd7 7. Qd2 Re8 8.
O-O-O a6 9. h4 c5 10. d5 h5 11. g4 Rb8 12. Bh6 Bh8 13. Be2 Ne5 14. g5 Nh7 15.
f4 Ng4 16. Rf1 b5 17. Bxg4 Bxg4 18. f5 Qa5 19. fxg6 fxg6 20. e5 Bxe5 21. Qc2
Bf5 22. Rxf5 gxf5 23. Nge2 b4 24. g6 Nf6 25. Na4 b3 26. axb3 Qb4 27. Qxf5 e6
28. dxe6 Qxb3 29. Bg5 Qxc4+ 30. Nac3 Qxe6 31. Qb1 Nd5 32. Bd2 Nxc3 33. Nxc3 d5
34. Nd1 c4 35. g7 Re7 36. Re1 Qf6 37. Qc2 Rxg7 38. Bg5 Bf4+ 39. Kb1 Bxg5 40.
hxg5 Rxg5 41. Ne3 c3 42. b3 Qg6 43. Qxg6+ Rxg6 44. Nxd5 Rg2 0-1

[Event "SR 1. liga zapad 2012/2013"]
[Site "?"]
[Date "2013.03.23"]
[Round "10.3"]
[White "Peitl, Tomas"]
[Black "Federic, Jozef"]
[Result "0-1"]
[WhiteElo "2220"]
[BlackElo "2299"]
[PlyCount "60"]
[EventDate "2012.??.??"]

1. d4 d5 2. c4 e6 3. Nc3 Nf6 4. Nf3 Be7 5. g3 O-O 6. Bg2 b6 7. cxd5 exd5 8. O-O
h6 9. Qb3 Nc6 10. Rd1 Na5 11. Qa4 Bd7 12. Qc2 Be6 13. Ne5 c6 14. a3 Rc8 15. b4
Nb7 16. Qa4 b5 17. Qb3 a5 18. Bf4 Qb6 19. Na2 a4 20. Qd3 Nd6 21. Nc3 Rfe8 22.
Qd2 Bf8 23. f3 g5 24. Be3 Bg7 25. h4 Nh7 26. hxg5 hxg5 27. Kh2 f6 28. Ng4 Bxg4
29. fxg4 Nc4 30. Nxd5 Qd8 0-1

[Event "SR 1. liga zapad 2012/2013"]
[Site "?"]
[Date "2013.03.23"]
[Round "10.3"]
[White "Rohacek, Miroslav"]
[Black "Castiglione, Mario"]
[Result "1-0"]
[WhiteElo "2308"]
[BlackElo "2282"]
[PlyCount "178"]
[EventDate "2012.??.??"]

1. Nf3 d6 2. d4 Bg4 3. g3 Bxf3 4. exf3 Nd7 5. Bg2 e6 6. O-O c6 7. c4 Ngf6 8. f4
Be7 9. b3 O-O 10. Ba3 d5 11. Qe2 Re8 12. Bxe7 Qxe7 13. Nd2 Qb4 14. Rfc1 Qa3 15.
c5 b6 16. cxb6 axb6 17. Rc2 c5 18. Nf3 Ne4 19. Ne5 Ndf6 20. Qb5 Rec8 21. Rac1
Nd6 22. Qd3 Qb4 23. dxc5 bxc5 24. Bf1 Ra3 25. Qe3 Nfe4 26. Nd3 Qa5 27. Nxc5
Rxa2 28. Rxa2 Qxa2 29. Nxe4 Rxc1 30. Qxc1 dxe4 31. Qc7 Ne8 32. Qd8 Kf8 33. Bb5
g6 34. Qxe8+ Kg7 35. Bc4 Qb1+ 36. Kg2 e3 37. fxe3 Qc2+ 38. Kf3 Qd1+ 39. Ke4
Qh1+ 40. Ke5 Qxh2 41. Qd8 Qxg3 42. Qf6+ Kg8 43. Kd4 h5 44. Qg5 Qe1 45. Qg2 h4
46. Ke4 Qd1 47. Qh2 Qe1 48. Kf3 Kg7 49. Qb2+ f6 50. Bxe6 Qg3+ 51. Ke4 h3 52.
Kd4 Qg2 53. Qc1 h2 54. Bd5 Qg1 55. Qc7+ Kh6 56. Qd8 Kh5 57. Qa8 Kg4 58. b4 Qd1+
59. Kc5 Qd2 60. Qc8+ f5 61. Qe6 Qc3+ 62. Kb5 Qd3+ 63. Kb6 Kh5 64. Qe7 Kh6 65.
Bc6 Qc3 66. Qh4+ Kg7 67. Qe7+ Kh6 68. b5 Qd2 69. Kc7 Qc2 70. Qh4+ Kg7 71. b6
Qc5 72. Qxh2 Qe7+ 73. Kb8 Qd6+ 74. Kb7 Qe7+ 75. Ka6 Qa3+ 76. Kb5 Qb3+ 77. Kc5
Qxe3+ 78. Kb5 Qb3+ 79. Ka6 Qa3+ 80. Kb7 Qe7+ 81. Kc8 Qf8+ 82. Kd7 Qf7+ 83. Kd6
Qf8+ 84. Kd5 Qb4 85. Qf2 Kf7 86. Qd4 Qe1 87. Kc5 Qa5+ 88. Kd6 g5 89. Qe5 Qxe5+
1-0

[Event "SR 1. liga zapad 2012/2013"]
[Site "?"]
[Date "2013.03.23"]
[Round "10.4"]
[White "Banas, Jan"]
[Black "Briestensky, Rastislav"]
[Result "0-1"]
[WhiteElo "2275"]
[BlackElo "2296"]
[PlyCount "108"]
[EventDate "2012.??.??"]

1. c4 e5 2. Nc3 Nf6 3. Nf3 Nc6 4. e3 d6 5. d4 Be7 6. Be2 O-O 7. O-O Re8 8. d5
Nb8 9. e4 Nbd7 10. h3 g6 11. Be3 Nc5 12. Nd2 a5 13. a3 Nfd7 14. Nf3 a4 15. Bd3
c6 16. Bc2 Qa5 17. Ne1 Qa6 18. Nd3 Qxc4 19. Nxc5 Nxc5 20. Bxc5 Qxc5 21. Bxa4
Ra6 22. dxc6 bxc6 23. Nd5 Qd4 24. b3 Bd8 25. Nb4 Rxa4 26. bxa4 Bb7 27. Qxd4
exd4 28. f3 Bg5 29. a5 c5 30. a6 Ba8 31. Nd5 Bxd5 32. exd5 Be3+ 33. Kh2 Ra8 34.
Rfb1 Rxa6 35. Rb8+ Kg7 36. Rc8 d3 37. Rc6 Ra4 38. g3 c4 39. Rxd6 d2 40. Rc6
Rxa3 41. Rd1 c3 42. d6 Kf6 43. Rc8 Bb6 44. Rc6 Rb3 45. Kg2 Ke6 46. Kf1 Kd7 47.
Rc4 Kxd6 48. Ke2 Kd5 49. Ra4 Rb2 50. g4 Bc5 51. Raa1 Bb4 52. Ra8 Kc4 53. Rc8+
Kb3 54. Kd3 c2 0-1

[Event "SR 1. liga zapad 2012/2013"]
[Site "?"]
[Date "2013.03.23"]
[Round "10.4"]
[White "Certek, Pavel"]
[Black "Vass, Frantisek"]
[Result "1/2-1/2"]
[WhiteElo "2315"]
[BlackElo "2292"]
[PlyCount "50"]
[EventDate "2012.??.??"]

1. Nf3 d5 2. c4 e6 3. d4 Nf6 4. Nc3 c6 5. e3 Nbd7 6. Bd3 dxc4 7. Bxc4 b5 8. Be2
a6 9. O-O Qc7 10. b3 Bb7 11. Bb2 Be7 12. Rc1 O-O 13. Qc2 c5 14. Rfd1 Rac8 15.
Qb1 Qb8 16. dxc5 Nxc5 17. b4 Nce4 18. Nxe4 Bxe4 19. Qa1 Qb7 20. a3 h6 21. Bd4
Rfe8 22. Ne1 Bd5 23. f3 Bb3 24. Rxc8 Rxc8 25. Rc1 Bc4 1/2-1/2

[Event "SR 1. liga zapad 2012/2013"]
[Site "?"]
[Date "2013.03.23"]
[Round "10.4"]
[White "Hecko, Dusan"]
[Black "Hanko, Pavol"]
[Result "1-0"]
[WhiteElo "2073"]
[BlackElo "2157"]
[Annotator "Fritz 12 (20s)"]
[PlyCount "127"]
[EventDate "2012.??.??"]

{A26: English Opening vs King's Indian with ...Nc6 and d3} 1. c4 Nf6 2. Nc3 g6
3. g3 Bg7 4. Bg2 O-O 5. Nf3 d6 6. O-O Nc6 7. d3 e5 8. Rb1 Nd7 {N} (8... a5 9.
a3 h6 10. b4 axb4 11. axb4 Be6 12. b5 Ne7 13. Bb2 $11) 9. b4 f5 10. Bg5 Nf6 11.
Nd5 Ne7 12. Nxf6+ Bxf6 13. Bxf6 Rxf6 14. Nd2 c6 15. e3 d5 16. f4 exf4 17. gxf4
a5 18. b5 $14 Be6 19. bxc6 bxc6 20. Qc2 Qc7 21. Nf3 dxc4 22. dxc4 Qa7 23. Qc3
$16 Rff8 24. Nd4 Bd7 25. c5 Rab8 26. Rfc1 Rfe8 27. Kf2 (27. Qc4+ Kf8 $16) 27...
Qc7 28. h4 Rxb1 29. Rxb1 Qd8 30. Kg3 (30. Rb7 Qc8 31. Qb3+ Kf8 $18) 30... h6
31. Rd1 Nd5 $2 32. Bxd5+ $18 cxd5 33. Nf3 (33. c6 Bc8 $18) 33... Bc6 34. Ne5
Re6 35. Qd4 Ba8 36. Rb1 g5 $2 (36... Qc7 $142 $18) 37. hxg5 hxg5 38. Rh1 Qf6
39. Rh5 gxf4+ 40. exf4 Re7 41. c6 (41. Kf2 Rh7 42. Rxh7 Kxh7 $18) 41... Rg7+ $2
(41... Bxc6 $142 42. Nxc6 Rg7+ (42... Qxc6 $143 43. Qh8+ Kf7 44. Rh7+ Ke6 45.
Qe5+ Kd7 46. Qxe7+ Kc8 47. Rh8+ Qe8 48. Rxe8#) 43. Kf3 Qxc6 44. Rxf5 a4 $16)
42. Kf2 $18 Qd6 43. Rxf5 (43. Rh8+ $142 $1 Kxh8 44. Nf7+ Kg8 45. Nxd6 Bxc6 46.
Nxf5 $18) 43... Bxc6 44. Nxc6 Qxc6 45. Qxd5+ Qxd5 46. Rxd5 Ra7 47. a4 Kf7 48.
Kf3 Ke6 49. Ke4 Ra8 50. f5+ Ke7 51. Kd4 Kf6 52. Kc4 Rh8 53. Kb5 Ra8 54. Kb6 Kg5
55. Rxa5 Rf8 56. Rb5 Rf6+ 57. Ka5 Kf4 58. Kb4 Ke4 59. Kc4 Rd6 60. Rc5 Rf6 61.
a5 Rh6 62. Kb5 Kd4 63. Rc1 Rf6 64. Rf1 1-0

[Event "SR 1. liga zapad 2012/2013"]
[Site "?"]
[Date "2013.03.23"]
[Round "10.4"]
[White "Lanc, Alois"]
[Black "Zetocha, Claudiu"]
[Result "0-1"]
[WhiteElo "2402"]
[BlackElo "2360"]
[PlyCount "64"]
[EventDate "2012.??.??"]

1. e4 c5 2. Nf3 e6 3. d4 cxd4 4. Nxd4 a6 5. Nc3 Qc7 6. Be2 b5 7. f4 Bb7 8. Bf3
Nc6 9. Nxc6 Bxc6 10. a3 Bc5 11. Qd3 Ne7 12. Bd2 O-O 13. Rf1 Rab8 14. b4 Ba7 15.
g4 Ng6 16. Bh1 e5 17. f5 Nf4 18. Qg3 Bd4 19. Rd1 Bb7 20. Ne2 Nxe2 21. Kxe2 Qc4+
22. Ke1 f6 23. c3 Bb6 24. Qf3 d5 25. exd5 e4 26. Qe2 e3 27. Qxc4 exd2+ 28. Kxd2
bxc4 29. Rf4 Rbc8 30. Ke2 Rfe8+ 31. Re4 Rxe4+ 32. Bxe4 Re8 0-1

[Event "SR 1. liga zapad 2012/2013"]
[Site "?"]
[Date "2013.03.23"]
[Round "10.4"]
[White "Lukac, Roman"]
[Black "Privara, Igor"]
[Result "0-1"]
[WhiteElo "2127"]
[BlackElo "2278"]
[PlyCount "116"]
[EventDate "2012.??.??"]

1. e4 c5 2. Nf3 Nc6 3. d4 cxd4 4. Nxd4 g6 5. Nc3 Bg7 6. Be3 Nf6 7. Bc4 Qa5 8.
O-O O-O 9. Bb3 d6 10. h3 Bd7 11. Re1 Qh5 12. Qxh5 Nxh5 13. Rad1 Nxd4 14. Bxd4
Nf6 15. Bxf6 Bxf6 16. e5 Bxe5 17. Rxe5 dxe5 18. Rxd7 e6 19. Rxb7 Rfb8 20. Rd7
Rd8 21. Rb7 Rdb8 22. Rd7 Rd8 23. Ne4 Rxd7 24. Nf6+ Kg7 25. Nxd7 e4 26. Nc5 f5
27. Nxe6+ Kf6 28. Kf1 a5 29. a4 Ke5 30. c3 Rb8 31. Nd4 Rb6 32. Ke2 f4 33. Nb5
g5 34. Bf7 Rf6 35. Bh5 Kd5 36. b3 Kc5 37. Nd4 Kd5 38. Be8 Rb6 39. Bb5 h5 40.
Bc4+ Ke5 41. Bb5 Kd5 42. Nc2 Ke5 43. Na3 Rf6 44. Nc4+ Kd5 45. Nxa5 f3+ 46. Kf1
fxg2+ 47. Kxg2 Rf3 48. Bc6+ Ke5 49. Nc4+ Kf4 50. Ne3 g4 51. hxg4 h4 52. a5 h3+
53. Kg1 h2+ 54. Kg2 Rxf2+ 55. Kxf2 h1=Q 56. Ng2+ Ke5 57. a6 Qa1 58. Ba4 Qxc3
0-1

[Event "SR 1. liga zapad 2012/2013"]
[Site "?"]
[Date "2013.03.23"]
[Round "10.4"]
[White "Pacher, Milan"]
[Black "Likavsky, Tomas"]
[Result "1-0"]
[WhiteElo "2436"]
[BlackElo "2449"]
[PlyCount "66"]
[EventDate "2012.??.??"]

1. e4 c5 2. Nf3 d6 3. d4 cxd4 4. Qxd4 Nc6 5. Bb5 Bd7 6. Bxc6 Bxc6 7. Nc3 e5 8.
Qd3 h6 9. O-O Nf6 10. Nd2 d5 11. exd5 Nxd5 12. Nc4 Nxc3 13. Qxc3 f6 14. Be3 Qd5
15. f3 Be7 16. Rfd1 Qe6 17. Na5 Bd5 18. Qd3 Rd8 19. c4 Qa6 20. cxd5 Qxa5 21.
Qg6+ Kf8 22. Rac1 Bd6 23. a3 b6 24. Rc6 Qa6 25. Rdc1 Qb7 26. a4 Re8 27. a5 bxa5
28. Bc5 Bxc5+ 29. R1xc5 Qf7 30. Qf5 g6 31. Qg4 Rh7 32. Rc8 Rxc8 33. Rxc8+ Kg7
1-0

[Event "SR 1. liga zapad 2012/2013"]
[Site "?"]
[Date "2013.03.23"]
[Round "10.4"]
[White "Petran, Peter"]
[Black "Drtina, Milan"]
[Result "0-1"]
[WhiteElo "2277"]
[BlackElo "2202"]
[PlyCount "144"]
[EventDate "2012.??.??"]

1. Nf3 g6 2. c4 Bg7 3. Nc3 e5 4. d4 exd4 5. Nxd4 Nc6 6. e3 Nf6 7. Be2 O-O 8.
O-O d6 9. Nc2 Re8 10. f3 Be6 11. e4 Nd7 12. Nd5 f5 13. exf5 Bxf5 14. Nde3 Be6
15. f4 Nb6 16. f5 Bf7 17. fxg6 Bxg6 18. Bh5 Qh4 19. Bxg6 hxg6 20. g3 Qe4 21.
Rf4 Qe6 22. Nd5 Rac8 23. Rb1 Qe2 24. Qxe2 Rxe2 25. Nxb6 axb6 26. Rf2 Nd4 27.
Ne3 Re8 28. Ng2 b5 29. cxb5 Nxb5 30. Rxe2 Rxe2 31. Kf1 Rc2 32. h4 Bd4 33. Ne3
Rxc1+ 34. Rxc1 Bxe3 35. Re1 Bb6 36. Re8+ Kf7 37. Rb8 Nd4 38. Rxb7 Nc6 39. a3
Ke7 40. b4 Kd7 41. b5 Nd4 42. Rb8 Nf5 43. Kg2 d5 44. Rg8 d4 45. Kf3 d3 46. Rxg6
Ne3 47. Rxb6 d2 48. Kxe3 d1=Q 49. Rg6 Qb3+ 50. Kf4 Qxb5 51. g4 c5 52. h5 c4 53.
h6 Qb8+ 54. Kf5 Qb1+ 55. Kf6 Qb2+ 56. Kf7 Qh8 57. g5 c3 58. Rg8 Qe5 59. h7 Qf5+
60. Kg7 Qxg5+ 61. Kf7 Qe7+ 62. Kg6 Qe6+ 63. Kg7 Qe5+ 64. Kg6 Qe4+ 65. Kg7 c2
66. Rd8+ Kxd8 67. h8=Q+ Qe8 68. Qh1 Qe7+ 69. Kg6 Qe6+ 70. Kh7 Qf5+ 71. Kh8 Qe5+
72. Kg8 Qg5+ 0-1

[Event "SR 1. liga zapad 2012/2013"]
[Site "?"]
[Date "2013.03.23"]
[Round "10.4"]
[White "Ruckschloss, Karol"]
[Black "Nicolini, Alexander"]
[Result "1-0"]
[WhiteElo "2242"]
[BlackElo "2134"]
[PlyCount "77"]
[EventDate "2012.??.??"]

1. c4 e5 2. Nc3 Nf6 3. e4 Nc6 4. d3 Bc5 5. Bg5 h6 6. Bd2 d6 7. Be2 a6 8. h3 Nd4
9. Nf3 c6 10. a3 Be6 11. b4 Ba7 12. O-O O-O 13. Kh2 Nxf3+ 14. Bxf3 b5 15. Qe2
Qd7 16. g4 Bd4 17. Bg2 Rfe8 18. Rac1 Nh7 19. Nd5 Nf8 20. Ne3 Bxe3 21. Bxe3 g5
22. Rfd1 Rac8 23. c5 d5 24. d4 exd4 25. Rxd4 Rcd8 26. exd5 Bxd5 27. Bxd5 Qc7+
28. Kg1 Rxd5 29. Rxd5 cxd5 30. Rd1 Qe5 31. Qf3 Rd8 32. Bd4 Qe6 33. Rd3 Ng6 34.
Re3 Qc6 35. Qf5 Re8 36. Qf6 Qxf6 37. Rxe8+ Kg7 38. Bxf6+ Kxf6 39. c6 1-0

[Event "SR 1. liga zapad 2012/2013"]
[Site "?"]
[Date "2013.03.23"]
[Round "10.4"]
[White "Szitkey, Milan"]
[Black "Kolcak, Marek"]
[Result "1-0"]
[WhiteElo "2137"]
[BlackElo "2167"]
[PlyCount "95"]
[EventDate "2012.??.??"]

1. e4 e6 2. d4 d5 3. Nd2 Nc6 4. c3 e5 5. exd5 Qxd5 6. Ngf3 exd4 7. Bc4 Qh5 8.
cxd4 Be6 9. O-O O-O-O 10. Qb3 Bxc4 11. Nxc4 Nf6 12. Be3 Nd5 13. Nce5 Nxe5 14.
dxe5 Nxe3 15. Qxe3 b6 16. Qe4 Kb8 17. Nd4 Rxd4 18. Qxd4 Bc5 19. Qe4 Re8 20.
Rad1 f6 21. b4 Bd6 22. f4 fxe5 23. Rfe1 Re7 24. Qd5 Qe8 25. fxe5 Rxe5 26. Rxe5
Qxe5 27. Qxe5 Bxe5 28. b5 Kb7 29. Kf2 a6 30. a4 axb5 31. axb5 c5 32. Rd7+ Kc8
33. Rf7 h5 34. Kf3 c4 35. Ke4 Bf6 36. g4 c3 37. Kd3 Kd8 38. h3 Kc8 39. Ra7 Kb8
40. Ra4 Kc7 41. Rc4+ Kb7 42. Ke4 Kb8 43. Kd5 Kb7 44. Kd6 c2 45. Rxc2 Bd4 46.
Rc7+ Kb8 47. Kc6 g6 48. Rf7 1-0

[Event "SR 1. liga zapad 2012/2013"]
[Site "?"]
[Date "2013.03.23"]
[Round "10.5"]
[White "Balog, Imre"]
[Black "Motuz, Karol"]
[Result "1-0"]
[WhiteElo "2554"]
[BlackElo "2397"]
[PlyCount "41"]
[EventDate "2012.??.??"]

1. c4 c5 2. Nf3 Nf6 3. e3 g6 4. Nc3 Bg7 5. d4 cxd4 6. exd4 d5 7. cxd5 O-O 8.
Bc4 Nbd7 9. O-O Nb6 10. Bb3 Nbxd5 11. Ne5 Be6 12. Qf3 Qd6 13. Bg5 Rfd8 14. Rfe1
Rac8 15. Rad1 a6 16. Bxf6 exf6 17. Ne4 Qe7 18. Nd3 b6 19. h4 h5 20. Nc3 Qd6 21.
Nxd5 1-0

[Event "SR 1. liga zapad 2012/2013"]
[Site "?"]
[Date "2013.03.23"]
[Round "10.5"]
[White "Capak, Stefan"]
[Black "Foldesi, Marek"]
[Result "1/2-1/2"]
[WhiteElo "2040"]
[BlackElo "2070"]
[PlyCount "103"]
[EventDate "2012.??.??"]

1. d4 d5 2. c4 c6 3. Nc3 Nf6 4. Bg5 Qa5 5. Bxf6 exf6 6. cxd5 Bb4 7. Qb3 O-O 8.
e3 cxd5 9. Rc1 Nc6 10. Bd3 Re8 11. Nge2 Bg4 12. O-O Bxe2 13. Nxe2 Rab8 14. a3
Bf8 15. Nf4 Red8 16. Be2 Qd2 17. Rfd1 Nxd4 18. Qd3 Nxe2+ 19. Qxe2 Qxe2 20. Nxe2
Rd7 21. Rc2 Rbd8 22. Nd4 g6 23. Kf1 Bd6 24. g3 Kg7 25. Nb5 Bb8 26. Rcd2 a6 27.
Nc3 Be5 28. Nxd5 Bxb2 29. Rxb2 Rxd5 30. Rxd5 Rxd5 31. Rxb7 Rd3 32. a4 Ra3 33.
Rb4 Ra2 34. g4 a5 35. Rd4 Kf8 36. h3 Ke7 37. Kg2 Ke6 38. Kg3 Ra3 39. h4 f5 40.
gxf5+ gxf5 41. Kf4 Ra2 42. Kf3 Ke5 43. Rc4 Kf6 44. Kg2 Ra1 45. Kf3 Ra2 46. Kg3
Ra1 47. Kf4 Ra2 48. f3 Ra3 49. Rc6+ Kg7 50. Rc4 Kf6 51. Rc6+ Kg7 52. Rc4
1/2-1/2

[Event "SR 1. liga zapad 2012/2013"]
[Site "?"]
[Date "2013.03.23"]
[Round "10.5"]
[White "Jakubek, Peter"]
[Black "Chlpik, Martin"]
[Result "0-1"]
[WhiteElo "2136"]
[BlackElo "2099"]
[PlyCount "84"]
[EventDate "2012.??.??"]

1. d4 g6 2. e4 Bg7 3. Nc3 d6 4. h3 a6 5. a4 Nd7 6. Nf3 e6 7. Bg5 Ne7 8. Qd2 h6
9. Be3 b6 10. Be2 Bb7 11. O-O g5 12. Nh2 Ng6 13. Bh5 Nh4 14. f4 Nf6 15. Qe2 Qe7
16. g3 Nxh5 17. Qxh5 Ng6 18. fxg5 hxg5 19. Qg4 f5 20. Qe2 Rxh3 21. Kg2 Rh7 22.
Kg1 O-O-O 23. exf5 exf5 24. Qd3 Rxh2 25. Kxh2 Rh8+ 26. Kg1 Rh1+ 27. Kf2 Rh2+
28. Ke1 f4 29. Rf2 Qxe3+ 30. Qxe3 Rh1+ 31. Ke2 fxe3 32. Rxh1 exf2 33. Rd1 g4
34. Kxf2 Bf3 35. Ne2 Ne7 36. c3 Nf5 37. Re1 d5 38. Nf4 Nd6 39. Nh5 Bh6 40. Nf6
Ne4+ 41. Nxe4 dxe4 42. Ra1 Bd2 0-1

[Event "SR 1. liga zapad 2012/2013"]
[Site "?"]
[Date "2013.03.23"]
[Round "10.5"]
[White "Kvassay, Peter"]
[Black "Hudoba, Ondrej"]
[Result "0-1"]
[WhiteElo "2028"]
[BlackElo "2140"]
[PlyCount "62"]
[EventDate "2012.??.??"]

1. d4 Nf6 2. c4 e6 3. Nf3 Bb4+ 4. Nbd2 b6 5. a3 Bxd2+ 6. Nxd2 Bb7 7. Qc2 Nc6 8.
e3 O-O 9. Be2 e5 10. d5 Ne7 11. O-O d6 12. b3 c6 13. e4 Qc7 14. Bd3 Rac8 15.
Qd1 cxd5 16. exd5 Bxd5 17. cxd5 Qc3 18. Ba6 Qxa1 19. Bxc8 Rxc8 20. Nc4 Rd8 21.
Qf3 Qd4 22. Ne3 Qd3 23. h4 Qxb3 24. Rd1 Qa4 25. h5 Qe4 26. Qh3 h6 27. f3 Qa4
28. g4 Nfxd5 29. Rxd5 Nxd5 30. Qh4 Rc8 31. Qe1 Qd4 0-1

[Event "SR 1. liga zapad 2012/2013"]
[Site "?"]
[Date "2013.03.23"]
[Round "10.5"]
[White "Nikel, Rastislav"]
[Black "Obona, Jan"]
[Result "1-0"]
[WhiteElo "2073"]
[BlackElo "2147"]
[PlyCount "59"]
[EventDate "2012.??.??"]

1. d4 d5 2. Nf3 c6 3. c4 e6 4. Nc3 dxc4 5. a4 Bb4 6. e3 b5 7. Bd2 a5 8. axb5
Bxc3 9. Bxc3 cxb5 10. b3 Bb7 11. bxc4 b4 12. Bb2 Nf6 13. Bd3 Nbd7 14. O-O O-O
15. Qc2 Qc7 16. Ne5 Nxe5 17. dxe5 Nd7 18. Bxh7+ Kh8 19. Be4 Nc5 20. Bxb7 Qxb7
21. Bd4 Rfc8 22. f4 Qe4 23. Qd1 Qg6 24. Rf3 Ne4 25. Rh3+ Kg8 26. Bb6 Nc3 27.
Qe1 Rxc4 28. Qh4 Qh6 29. Qe7 Qg6 30. Bd8 1-0

[Event "SR 1. liga zapad 2012/2013"]
[Site "?"]
[Date "2013.03.23"]
[Round "10.5"]
[White "Svaralova, Monika"]
[Black "Skrabakova, Katarina"]
[Result "1/2-1/2"]
[WhiteElo "2021"]
[BlackElo "1991"]
[PlyCount "108"]
[EventDate "2012.??.??"]

1. d4 Nf6 2. c4 e6 3. Nc3 d5 4. cxd5 exd5 5. Bg5 c6 6. e3 Be7 7. Bd3 Nbd7 8.
Qc2 Nh5 9. Bxe7 Qxe7 10. Nge2 Nb6 11. O-O g6 12. Rae1 O-O 13. Nd1 Ng7 14. f3
Rd8 15. Kh1 Bf5 16. e4 dxe4 17. fxe4 (17. Bxe4 Re8 18. Ndc3 Rad8 19. Rf2 Be6
20. Qd1 Nc4 21. Qc1 Nh5 22. Kg1 Nd6 23. Qc2 Qh4 24. b3 Re7 25. Qc1 Ng7 26. Bd3
Bd5 27. g3 Qf6) 17... Bg4 18. Ndc3 Ne6 19. d5 cxd5 20. exd5 Nxd5 21. Nxd5 Rxd5
22. Nc3 Rc5 23. Qa4 Qh4 24. Ne4 Rf5 25. Ng3 Rxf1+ 26. Rxf1 Nc5 27. Qc4 Nxd3 28.
Qxd3 Qd8 29. Qb3 Be6 30. Qxb7 Rb8 31. Qxa7 Rxb2 32. Qe3 Rxa2 33. Ne4 Qa8 34.
Re1 Bf5 35. h3 Bxe4 36. Qxe4 Qxe4 37. Rxe4 h5 38. Kh2 Kg7 39. h4 Kf6 40. Rf4+
Ke6 41. Rb4 Re2 42. Kg3 Kf5 43. Rf4+ Ke6 44. Rb4 Kf5 45. Rf4+ Ke6 46. Rb4 f6
47. Kf3 Rd2 48. Re4+ Kf7 49. Rb4 Rd3+ 50. Kf4 Kg7 51. Rb7+ Kh6 52. Rb6 Rd4+ 53.
Kg3 Rg4+ 54. Kh3 f5 1/2-1/2

[Event "SR 1. liga zapad 2012/2013"]
[Site "?"]
[Date "2013.03.23"]
[Round "10.5"]
[White "Vojtek, Vladimir"]
[Black "Husari, Satea"]
[Result "1/2-1/2"]
[WhiteElo "2283"]
[BlackElo "2290"]
[PlyCount "170"]
[EventDate "2012.??.??"]

1. e4 c5 2. Nf3 d6 3. d4 cxd4 4. Nxd4 Nf6 5. Nc3 g6 6. Bc4 Bg7 7. O-O O-O 8.
Bb3 Nc6 9. Bg5 h6 10. Bh4 Nxd4 11. Qxd4 g5 12. Bg3 Nh5 13. Qe3 Be6 14. Rad1 Qb6
15. Qf3 Nxg3 16. hxg3 Bxb3 17. axb3 e6 18. Rd3 Rac8 19. Rfd1 Rc6 20. Qh5 Qc5
21. R1d2 b5 22. Ne2 Qe5 23. Nd4 Rb6 24. Qe2 Rd8 25. c3 a6 26. b4 Qf6 27. Qe3
Rdb8 28. g4 Qf4 29. Qxf4 gxf4 30. Ne2 Bf8 31. Nxf4 Ra8 32. Rg3 Be7 33. Nh3 Bh4
34. Rgd3 Be7 35. f4 a5 36. bxa5 Rxa5 37. Kf2 b4 38. Kf3 bxc3 39. bxc3 Rc5 40.
Ng1 Rb3 41. Ne2 Kg7 42. Ra2 Rc6 43. Ra7 Bf6 44. Rd7 Rbb6 45. Ke3 Ra6 46. Kf3
Kf8 47. f5 Be5 48. Nd4 Bxd4 49. cxd4 exf5 50. gxf5 Ke8 51. Rb7 Rab6 52. Rxb6
Rxb6 53. Kf4 Rb4 54. e5 Ke7 55. Ke4 dxe5 56. Kxe5 f6+ 57. Kd5 Rb5+ 58. Ke4 Rb1
59. Re3 h5 60. Ra3 Kd6 61. Ra6+ Ke7 62. Re6+ Kf7 63. Rc6 Kg7 64. d5 Re1+ 65.
Kd4 h4 66. d6 Re2 67. Rc7+ Kh6 68. Rc3 Rd2+ 69. Rd3 Rxg2 70. Kd5 Rg8 71. d7 Kg5
72. Ke6 Rd8 73. Rc3 Rxd7 74. Kxd7 Kxf5 75. Kd6 Kg4 76. Ke6 h3 77. Kxf6 h2 78.
Rc1 Kf4 79. Kg6 Kg4 80. Rb1 Kf3 81. Kg5 Kg3 82. Rb3+ Kg2 83. Rb2+ Kg1 84. Kg4
h1=Q 85. Rb1+ Kg2 1/2-1/2

[Event "SR 1. liga zapad 2012/2013"]
[Site "?"]
[Date "2013.03.23"]
[Round "10.5"]
[White "Zatko, Gregor"]
[Black "Chovanec, Milan"]
[Result "1/2-1/2"]
[WhiteElo "2148"]
[BlackElo "2153"]
[PlyCount "101"]
[EventDate "2012.??.??"]

1. Nf3 Nc6 2. d4 d5 3. Bf4 e6 4. e3 Bd6 5. Bg3 Nf6 6. Nbd2 O-O 7. c3 Re8 8. Ne5
Bxe5 9. dxe5 Nd7 10. f4 f5 11. Bd3 Ne7 12. Qe2 Nc5 13. Bc2 b6 14. O-O-O Ba6 15.
Qh5 Rf8 16. Nf3 Qe8 17. Qh3 Qg6 18. Nd4 Ne4 19. Bh4 Rfe8 20. Ba4 c5 21. Bxe8
Rxe8 22. Nf3 Nc6 23. Rhg1 Qh6 24. Rde1 c4 25. Re2 b5 26. a3 Bc8 27. g4 g6 28.
Qg2 a5 29. Be1 Qf8 30. Nh4 Re7 31. Qh3 Rg7 32. Reg2 Ne7 33. Nf3 fxg4 34. Rxg4
Nf5 35. Ng5 Nc5 36. Qf3 Nd3+ 37. Kb1 b4 38. axb4 axb4 39. cxb4 Nxe1 40. Rxe1
Qxb4 41. Qd1 Bd7 42. Rg2 c3 43. Qc1 h6 44. Nh3 Ba4 45. Qxc3 Qe4+ 46. Rc2 d4 47.
Qc8+ Kh7 48. Nf2 Qxc2+ 49. Qxc2 Bxc2+ 50. Kxc2 Rc7+ 51. Kd3 1/2-1/2

[Event "SR 1. liga zapad 2012/2013"]
[Site "?"]
[Date "2013.03.23"]
[Round "10.6"]
[White "Gasa, Patrik"]
[Black "Lakatos, Vladimir"]
[Result "1/2-1/2"]
[WhiteElo "1906"]
[BlackElo "2155"]
[PlyCount "87"]
[EventDate "2012.??.??"]

1. d4 Nf6 2. c4 c5 3. d5 b5 4. cxb5 a6 5. bxa6 Bxa6 6. Nc3 d6 7. e4 Bxf1 8.
Kxf1 g6 9. g3 Bg7 10. Kg2 Nbd7 11. f4 O-O 12. Nf3 Qa5 13. Bd2 Rfb8 14. Qc2 Nb6
15. b3 Ng4 16. Rhe1 c4 17. h3 cxb3 18. axb3 Ne3+ 19. Bxe3 Qxc3 20. Qxc3 Bxc3
21. Rxa8 Nxa8 22. Rb1 Rb4 23. Bd2 Bxd2 24. Nxd2 Rd4 25. Rb2 f5 26. exf5 gxf5
27. Nf3 Rxd5 28. Re2 Kf8 29. g4 Nb6 30. Ng5 h6 31. Nf3 Rd3 32. Re6 fxg4 33.
hxg4 Nd5 34. Kg3 Kg7 35. Re4 Rxb3 36. Kf2 Kf6 37. Nd4 Rb2+ 38. Kf3 e5 39. fxe5+
dxe5 40. Nc6 Rb3+ 41. Kf2 Nf4 42. Nxe5 Nh3+ 43. Kg2 Ng5 44. Nd7+ 1/2-1/2